00756 2200229 4500001002100000005001500021035002000036007000300056008004100059020001800100082001000118084001600128100002500144245004900169260004400218300002800262500015900290650004400449856001700493990000800510990000800518INLIS00000000000008220220127075734 a0010-0122000082ta220127 g 0 ind  a9789790502453 a005.5 a005.5 SUH b0 aSuharno Widi Nugroho1 aBermain lembar presentasi :bMs. Power Point aJakarta :bBina Sumber Daya Mipa,c2009 a105 hlm ;c21 x 28.5 cm aBuku ini disusun secara sederhana yang disesuaikan dengan kurikulum dan pelajaran disekolah dengan tujuan agar siswa dapat mengenal dan memahami komputer. 4aProgram aplikasi dengan kegunaan khusus aKoleksi Umum a178 a179